[Event "4NCL Division 3"]
[Site "Daventry Court ENG"]
[Date "2014.05.05"]
[Round "11.177"]
[White "Doran, Chris"]
[Black "Anilkumar, Anantha P (jnr)"]
[Result "1-0"]
[WhiteElo "2002"]
[BlackElo "1750"]
[PlyCount "67"]
[EventDate "2014.05.05"]
[WhiteTeam "Holmes Chapel"]
[BlackTeam "KJCA Knights"]

1. e4 c5 2. Nf3 d6 3. d4 cxd4 4. Nxd4 Nf6 5. Nc3 g6 6. Be3 Bg7 7. f3 O-O 8. Qd2
Nc6 9. g4 Nxd4 10. Bxd4 Be6 11. h4 Qa5 12. h5 Rac8 13. hxg6 fxg6 14. a3 a6 15.
O-O-O b5 16. g5 Nh5 17. Bxg7 Kxg7 18. Qd4+ Kg8 19. Nd5 Bxd5 20. Qxd5+ Kg7 21.
Qd4+ Kg8 22. Rxh5 gxh5 23. Bh3 Qc7 24. Be6+ Rf7 25. Qd3 Qc5 26. e5 Kg7 27. Bxf7
Kxf7 28. Qxh7+ Ke6 29. exd6 Qxg5+ 30. Kb1 exd6 31. Re1+ Kd5 32. Qb7+ Rc6 33.
Rd1+ Kc5 34. b4+ 1-0

[Event "4NCL Division 3"]
[Site "Daventry Court ENG"]
[Date "2014.05.05"]
[Round "11.185"]
[White "Paterson, Andrew I"]
[Black "Brijmohun, K Louis"]
[Result "1-0"]
[WhiteElo "2075"]
[BlackElo "1978"]
[PlyCount "47"]
[EventDate "2014.05.05"]
[WhiteTeam "Warwickshire Select 2"]
[BlackTeam "Bristol University"]

1. e4 e5 2. Nf3 Nc6 3. Bb5 a6 4. Ba4 Nf6 5. d3 b5 6. Bb3 Be7 7. a4 b4 8. O-O d6
9. c3 O-O 10. Nbd2 Rb8 11. Nc4 h6 12. Ne3 Na5 13. Bc2 b3 14. Bb1 c5 15. d4 cxd4
16. cxd4 Qc7 17. Bd2 Be6 18. Bd3 exd4 19. Nxd4 Bd7 20. Bxa6 Nxe4 21. Nd5 Qc5
22. Nxe7+ Kh8 23. Bxa5 Qxa5 24. Bb5 1-0

[Event "4NCL Division 3"]
[Site "Daventry Court ENG"]
[Date "2014.05.05"]
[Round "11.186"]
[White "Delay, Guillaume"]
[Black "Fallowfield, Jeremy R"]
[Result "0-1"]
[WhiteElo "2040"]
[BlackElo "2034"]
[PlyCount "76"]
[EventDate "2014.05.05"]
[WhiteTeam "Bristol University"]
[BlackTeam "Warwickshire Select 2"]

1. e4 e6 2. d4 d5 3. Nd2 Nf6 4. e5 Nfd7 5. c3 c5 6. Bd3 Nc6 7. Ne2 cxd4 8. cxd4
f6 9. exf6 Nxf6 10. O-O Bd6 11. Nf3 Qc7 12. Nc3 a6 13. a3 O-O 14. Bg5 h6 15.
Bh4 Nh5 16. Bg3 Nxg3 17. hxg3 g5 18. Rc1 Qg7 19. Bb1 Bd7 20. Re1 Rf6 21. Na4
Raf8 22. Re2 Rxf3 23. gxf3 Nxd4 24. Re3 Bf4 25. Rxe6 Bxe6 26. gxf4 g4 27. Kf1
gxf3 28. Rc3 Qg2+ 29. Ke1 Qg1+ 30. Kd2 Qxf2+ 31. Kc1 Ne2+ 32. Kd2 Nd4+ 33. Kc1
Ne2+ 34. Kd2 Nxc3+ 35. Kxc3 a5 36. Bg6 d4+ 37. Kd3 Qe3+ 38. Kc2 Bb3+ 0-1

[Event "4NCL Division 3"]
[Site "Daventry Court ENG"]
[Date "2014.05.05"]
[Round "11.188"]
[White "Meadows, Michael"]
[Black "Page, Mark E"]
[Result "1/2-1/2"]
[WhiteElo "1797"]
[BlackElo "2080"]
[PlyCount "39"]
[EventDate "2014.05.05"]
[WhiteTeam "Bristol University"]
[BlackTeam "Warwickshire Select 2"]

1. e4 e6 2. d4 d5 3. Nc3 Nf6 4. Bg5 Be7 5. e5 Ne4 6. Bxe7 Qxe7 7. Nxe4 dxe4 8.
c3 c5 9. dxc5 Qxc5 10. Qd6 Nd7 11. Qxc5 Nxc5 12. O-O-O a6 13. b4 Nd7 14. Rd4 f5
15. exf6 Nxf6 16. Bc4 e5 17. Rd2 Bf5 18. Ne2 Rc8 19. Bb3 Ke7 20. Kb2 1/2-1/2

[Event "4NCL Division 3"]
[Site "Daventry Court ENG"]
[Date "2014.05.05"]
[Round "11.189"]
[White "Ingram, Keith R"]
[Black "Humphreys, Jerry"]
[Result "1-0"]
[WhiteElo "1999"]
[BlackElo "2059"]
[PlyCount "65"]
[EventDate "2014.05.05"]
[WhiteTeam "Warwickshire Select 2"]
[BlackTeam "Bristol University"]

1. e4 c5 2. Nf3 e6 3. d4 cxd4 4. Nxd4 Nf6 5. Bd3 Nc6 6. Nxc6 bxc6 7. O-O Qc7 8.
Nc3 Be7 9. Kh1 d5 10. f4 d4 11. Ne2 c5 12. c3 dxc3 13. Nxc3 O-O 14. e5 Nd7 15.
Qh5 f5 16. exf6 Nxf6 17. Qe2 Kh8 18. b3 Bd7 19. Bd2 Bd6 20. Ne4 Rae8 21. Nxf6
Rxf6 22. Bc3 Rh6 23. Be5 Bc6 24. Rae1 Bd5 25. Qg4 Rd8 26. Qg5 Bxe5 27. fxe5 Kg8
28. Re3 Rf8 29. Ree1 Rd8 30. Rd1 Rd7 31. Rd2 Qd8 32. Rdf2 Qa8 33. Qf4 1-0

[Event "4NCL Division 3"]
[Site "Daventry Court ENG"]
[Date "2014.05.05"]
[Round "11.190"]
[White "Young, Daniel J"]
[Black "Baruch, Andrew JD"]
[Result "0-1"]
[WhiteElo "1768"]
[BlackElo "2060"]
[PlyCount "70"]
[EventDate "2014.05.05"]
[WhiteTeam "Bristol University"]
[BlackTeam "Warwickshire Select 2"]

1. e4 Nf6 2. e5 Nd5 3. d4 d6 4. Nf3 g6 5. Bc4 c6 6. O-O Bg7 7. Re1 dxe5 8. dxe5
O-O 9. Nbd2 a5 10. a3 Na6 11. Ba2 Nc5 12. c4 Nf4 13. Ne4 Nfd3 14. Nxc5 Nxc5 15.
Qe2 Bg4 16. Be3 Ne6 17. Bd2 Nd4 18. Qe4 Bxf3 19. gxf3 Nxf3+ 20. Qxf3 Qxd2 21.
Qe3 Rfd8 22. Re2 Qxe3 23. Rxe3 Rd2 24. Rb3 Bxe5 25. Rxb7 Bxb2 26. Rb1 Bd4 27.
Bb3 Rxf2 28. Kh1 e6 29. Ba4 c5 30. Rb8+ Rxb8 31. Rxb8+ Kg7 32. Rb5 Ra2 33. Rxa5
Rxa3 34. Kg2 Ra2+ 35. Kg3 Be5+ 0-1

[Event "4NCL Division 3"]
[Site "Daventry Court ENG"]
[Date "2014.05.05"]
[Round "11.195"]
[White "McEwan, Ken B"]
[Black "Jackson, Sheila"]
[Result "1/2-1/2"]
[WhiteElo "2092"]
[BlackElo "2144"]
[PlyCount "52"]
[EventDate "2014.05.05"]
[WhiteTeam "Broadland"]
[BlackTeam "Spirit of Atticus B"]

1. d4 Nf6 2. Bf4 e6 3. e3 b6 4. Nf3 Bb7 5. Bd3 Be7 6. h3 O-O 7. Nbd2 d5 8. Rc1
Nbd7 9. Bg3 Ne4 10. Bh2 c5 11. c3 f5 12. O-O Rc8 13. Qe2 c4 14. Bb1 b5 15. a3
a5 16. Ne5 b4 17. axb4 Nxd2 18. Qxd2 axb4 19. f3 bxc3 20. bxc3 Nxe5 21. Bxe5
Bc6 22. Bc2 Bd6 23. Bxd6 Qxd6 24. Rb1 Rb8 25. Rxb8 Rxb8 26. Ra1 Ra8 1/2-1/2

[Event "4NCL Division 3"]
[Site "Daventry Court ENG"]
[Date "2014.05.05"]
[Round "11.205"]
[White "Williamson, Roger G"]
[Black "Healey, Michael W"]
[Result "1-0"]
[WhiteElo "2146"]
[BlackElo "2132"]
[PlyCount "99"]
[EventDate "2014.05.05"]
[WhiteTeam "Ferry 'Cross the Maroczy 1"]
[BlackTeam "Oxford 2"]

1. d4 Nf6 2. c4 Nc6 3. Nf3 e6 4. a3 Be7 5. Nc3 a5 6. e4 d6 7. Be2 O-O 8. O-O h6
9. Rb1 d5 10. e5 Ne4 11. Bd3 f5 12. exf6 Bxf6 13. Nxe4 dxe4 14. Bxe4 Nxd4 15.
Nxd4 Bxd4 16. Be3 Bxe3 17. Qxd8 Rxd8 18. fxe3 Ra6 19. c5 e5 20. Rbd1 Rxd1 21.
Rxd1 Bg4 22. Bxb7 Bxd1 23. Bxa6 Bb3 24. Bb7 Kf7 25. Kf2 Ke6 26. g3 Kf5 27. Ke2
Bc4+ 28. Kf3 Bb5 29. b4 axb4 30. axb4 g6 31. Bc8+ Kf6 32. Ke4 Bc6+ 33. Kd3 Bb5+
34. Kc3 Kf7 35. Bb7 Ke7 36. Be4 g5 37. Bd3 Bd7 38. b5 h5 39. Kb4 h4 40. Be4 Kd8
41. b6 Kc8 42. c6 Be6 43. Kc5 Kb8 44. b7 hxg3 45. hxg3 Ba2 46. Bd3 Bb3 47. Bc4
Ba4 48. Be6 Ka7 49. Kd5 Kb8 50. Bd7 1-0

[Event "4NCL Division 3"]
[Site "Daventry Court ENG"]
[Date "2014.05.05"]
[Round "11.207"]
[White "Bimpson, Tom"]
[Black "Colburn, Paul J"]
[Result "1-0"]
[WhiteElo "2044"]
[BlackElo "1942"]
[PlyCount "111"]
[EventDate "2014.05.05"]
[WhiteTeam "Ferry 'Cross the Maroczy 1"]
[BlackTeam "Oxford 2"]

1. d4 Nf6 2. Bg5 e6 3. e4 h6 4. Bxf6 Qxf6 5. c3 d6 6. Bd3 Nd7 7. Ne2 b6 8. O-O
Bb7 9. f4 Qd8 10. Nd2 Be7 11. Ng3 c5 12. e5 g6 13. Nde4 Qc7 14. b4 d5 15. Nd6+
Bxd6 16. exd6 Qxd6 17. bxc5 bxc5 18. Bb5 Bc6 19. Be2 Nf6 20. Kh1 O-O 21. Qc1
cxd4 22. cxd4 Kg7 23. f5 Rac8 24. Qe3 Bd7 25. fxg6 fxg6 26. Rf2 Ng8 27. Bf3 Ne7
28. Re2 Qf4 29. Rae1 Qxe3 30. Rxe3 Rc2 31. R3e2 Rfc8 32. h3 h5 33. h4 Rxe2 34.
Rxe2 Rc4 35. Rd2 Bb5 36. Kh2 Rb4 37. Be2 a6 38. Kh3 Nc6 39. Bxb5 axb5 40. Ne2
Ra4 41. g3 Rc4 42. Nf4 Kf6 43. Rf2 Nxd4 44. Nxh5+ Ke5 45. Nf4 Ke4 46. Nxg6 Ke3
47. Rf6 Ra4 48. h5 Rxa2 49. h6 Nf3 50. Rxe6+ Kd4 51. Kg4 Nh2+ 52. Kh5 Nf3 53.
h7 Ra8 54. Rf6 Ne5 55. Nf8 Ra2 56. Rf4+ 1-0

[Event "4NCL Division 3"]
[Site "Daventry Court ENG"]
[Date "2014.05.05"]
[Round "11.208"]
[White "Ludbrook, Matthew"]
[Black "Campbell, Ian"]
[Result "1/2-1/2"]
[WhiteElo "1998"]
[BlackElo "1999"]
[PlyCount "65"]
[EventDate "2014.05.05"]
[WhiteTeam "Oxford 2"]
[BlackTeam "Ferry 'Cross the Maroczy 1"]

1. e4 g6 2. Nc3 Bg7 3. g3 d6 4. Bg2 e6 5. d3 Ne7 6. Be3 a6 7. Qd2 h6 8. Nge2
Nd7 9. O-O-O b5 10. Rde1 Bb7 11. Rhf1 c6 12. g4 Qc7 13. Bh3 O-O-O 14. f4 h5 15.
g5 Kb8 16. f5 exf5 17. exf5 Nxf5 18. Bxf5 gxf5 19. Rxf5 Ne5 20. Ref1 Bc8 21.
R5f4 Rhf8 22. Ng3 Ng6 23. R4f2 h4 24. Nh5 Bxc3 25. Qxc3 Be6 26. Nf4 Nxf4 27.
Rxf4 Rh8 28. Rf6 Rhg8 29. a3 h3 30. R1f2 Kb7 31. Qd4 c5 32. Qe4+ Qc6 33. Qxc6+
1/2-1/2

[Event "4NCL Division 3"]
[Site "Daventry Court ENG"]
[Date "2014.05.05"]
[Round "11.210"]
[White "Terry, Sean"]
[Black "Boumphrey, Luke S"]
[Result "1-0"]
[WhiteElo "1925"]
[BlackElo "1988"]
[PlyCount "101"]
[EventDate "2014.05.05"]
[WhiteTeam "Oxford 2"]
[BlackTeam "Ferry 'Cross the Maroczy 1"]

1. e4 c5 2. Nf3 d6 3. d4 cxd4 4. Qxd4 a6 5. c4 Nf6 6. Nc3 Nc6 7. Qd2 g6 8. b3
Bg7 9. Bb2 O-O 10. Bd3 Bd7 11. O-O Rb8 12. Nd5 Nxd5 13. Bxg7 Kxg7 14. exd5 Ne5
15. Nxe5 dxe5 16. Qc3 f6 17. c5 Be8 18. Be4 Rc8 19. b4 Bf7 20. Rfd1 Qc7 21.
Rac1 Rfd8 22. g4 Kg8 23. Qe3 Qd7 24. h3 Qa4 25. a3 a5 26. Rb1 axb4 27. axb4 Rc7
28. Qb3 Qxb3 29. Rxb3 f5 30. gxf5 gxf5 31. Bxf5 Rxd5 32. Rbd3 e6 33. Be4 Rxd3
34. Rxd3 Be8 35. Rd8 Kf8 36. Rb8 Ke7 37. Rxb7 Rxb7 38. Bxb7 Kd7 39. Be4 h6 40.
b5 Kc8 41. b6 Bb5 42. Kg2 Bc4 43. Kg3 Bd5 44. Bd3 Kb7 45. Bb5 h5 46. Kh4 Bf3
47. Bd7 Be2 48. Kg5 Bf3 49. Kf6 Bg2 50. h4 Bd5 51. Kxe5 1-0

[Event "4NCL Division 3"]
[Site "Daventry Court ENG"]
[Date "2014.05.05"]
[Round "11.215"]
[White "Cooper, Gavyn"]
[Black "Truman, Richard G"]
[Result "1-0"]
[WhiteElo "1937"]
[BlackElo "1956"]
[PlyCount "43"]
[EventDate "2014.05.05"]
[WhiteTeam "Shropshire"]
[BlackTeam "e2e4.org.uk 4"]

1. e4 c5 2. Nf3 e6 3. d3 Nc6 4. g3 d5 5. Nbd2 g6 6. Bg2 Bg7 7. O-O Nge7 8. Re1
O-O 9. c3 Qc7 10. Qe2 Rb8 11. Nb3 dxe4 12. Qxe4 e5 13. Nxc5 b6 14. Nb3 Bf5 15.
Qe2 Rbd8 16. d4 Bg4 17. dxe5 Bxe5 18. Bg5 Rfe8 19. Qe4 Bf5 20. Qh4 Bg7 21. Nbd4
Nxd4 22. Nxd4 1-0

[Event "4NCL Division 3"]
[Site "Daventry Court ENG"]
[Date "2014.05.05"]
[Round "11.216"]
[White "Goodhead, James W"]
[Black "Gostelow, David W"]
[Result "1/2-1/2"]
[WhiteElo "1920"]
[BlackElo "2045"]
[PlyCount "26"]
[EventDate "2014.05.05"]
[WhiteTeam "e2e4.org.uk 4"]
[BlackTeam "Shropshire"]

1. d4 d5 2. Nf3 Nf6 3. e3 Bf5 4. c4 c6 5. Nc3 e6 6. cxd5 exd5 7. Bd3 Bxd3 8.
Qxd3 Bd6 9. O-O O-O 10. Bd2 Re8 11. Na4 Ne4 12. b4 Qe7 13. b5 cxb5 1/2-1/2

[Event "4NCL Division 3"]
[Site "Daventry Court ENG"]
[Date "2014.05.05"]
[Round "11.217"]
[White "Paul, Nathanael"]
[Black "David, Ivan"]
[Result "1-0"]
[WhiteElo "1896"]
[BlackElo "1845"]
[PlyCount "73"]
[EventDate "2014.05.05"]
[WhiteTeam "Shropshire"]
[BlackTeam "e2e4.org.uk 4"]

1. e4 g6 2. d4 d6 3. a3 a6 4. f4 Nd7 5. Nf3 Bg7 6. Bc4 e6 7. O-O b5 8. Be2 Bb7
9. e5 Ne7 10. Nbd2 Nf5 11. Nb3 Rc8 12. a4 c6 13. g4 Nh6 14. h3 b4 15. Be3 c5
16. c3 bxc3 17. bxc3 c4 18. Nbd2 Bxf3 19. Rxf3 d5 20. Qc2 Rb8 21. Raf1 O-O 22.
f5 exf5 23. gxf5 Nxf5 24. Rxf5 gxf5 25. Rxf5 Kh8 26. Rh5 f5 27. Nf3 Rb6 28. Nh4
Kg8 29. Bf3 Nb8 30. Nxf5 Rg6+ 31. Kh1 Nc6 32. Bg4 Ne7 33. Nh4 Qb6 34. Bg5 Qb3
35. Qg2 Qb1+ 36. Kh2 Nf5 37. Qxd5+ 1-0

[Event "4NCL Division 3"]
[Site "Daventry Court ENG"]
[Date "2014.05.05"]
[Round "11.219"]
[White "Lewis, Christopher D"]
[Black "Flynn, David"]
[Result "1/2-1/2"]
[WhiteElo "1731"]
[BlackElo "1894"]
[PlyCount "59"]
[EventDate "2014.05.05"]
[WhiteTeam "Shropshire"]
[BlackTeam "e2e4.org.uk 4"]

1. e4 e5 2. Nf3 Nc6 3. Bc4 Bc5 4. c3 Nf6 5. d3 a6 6. Be3 Ba7 7. Bxa7 Rxa7 8. a4
O-O 9. O-O d5 10. exd5 Nxd5 11. Re1 Qd6 12. a5 h6 13. Nbd2 f5 14. Qe2 Re8 15.
Nh4 Kh7 16. Bxd5 Qxd5 17. Qh5 Rf8 18. Ndf3 Bd7 19. Ng6 Re8 20. Nfh4 Qf7 21. Nf4
Qxh5 22. Nxh5 Raa8 23. Ng3 g6 24. Nf3 Kg7 25. b4 Kf6 26. Ra2 Re6 27. Rae2 Rae8
28. Nd2 Na7 29. Nb3 Bc6 30. Rd1 1/2-1/2

[Event "4NCL Division 3"]
[Site "Daventry Court ENG"]
[Date "2014.05.05"]
[Round "11.227"]
[White "Cowan, Richard M"]
[Black "Lau, Jason"]
[Result "1-0"]
[WhiteElo "1838"]
[BlackElo "1785"]
[PlyCount "81"]
[EventDate "2014.05.05"]
[WhiteTeam "Jorvik"]
[BlackTeam "3Cs 2"]

1. e4 e5 2. Nf3 Nc6 3. Bb5 f5 4. Nc3 fxe4 5. Nxe4 Nf6 6. Nxf6+ Qxf6 7. d3 d5 8.
Qe2 Bd6 9. Bg5 Qf5 10. O-O-O O-O 11. Be3 Qg4 12. h3 Qf5 13. d4 e4 14. Nd2 Nd8
15. Rhf1 c6 16. Ba4 Nf7 17. g4 Qe6 18. f3 exf3 19. Nxf3 Bf4 20. Rfe1 Re8 21.
Rd3 Bxe3+ 22. Rxe3 Qxe3+ 23. Qxe3 Rxe3 24. Rxe3 Kf8 25. c3 Bd7 26. Bc2 g6 27.
Kd2 Re8 28. Rxe8+ Kxe8 29. Ke3 Ke7 30. Kf4 Kf6 31. h4 Nd6 32. Ne5 Be6 33. Bd1
Ne4 34. g5+ Kg7 35. Ng4 Bf5 36. Ke5 Bc8 37. c4 Ng3 38. cxd5 cxd5 39. Nf6 Nf5
40. Bg4 Bd7 41. Nxd7 1-0

[Event "4NCL Division 3"]
[Site "Daventry Court ENG"]
[Date "2014.05.05"]
[Round "11.235"]
[White "Willmoth, Rob"]
[Black "Sully, David J"]
[Result "1-0"]
[WhiteElo "2142"]
[BlackElo "2098"]
[PlyCount "80"]
[EventDate "2014.05.05"]
[WhiteTeam "Barnet Knights 1"]
[BlackTeam "The Full Ponty"]

1. Nf3 Nf6 2. g3 d5 3. b3 e6 4. Bb2 Be7 5. Bg2 O-O 6. e3 b6 7. O-O Bb7 8. c4
Nbd7 9. d4 c5 10. cxd5 exd5 11. Nc3 Re8 12. Rc1 Bf8 13. Qe2 cxd4 14. Nxd4 Nc5
15. Rfd1 Ne6 16. Nxe6 fxe6 17. e4 Rc8 18. e5 Nd7 19. f4 Bc5+ 20. Kh1 g6 21. Qg4
Qe7 22. Nb5 a6 23. Nd6 Bxd6 24. exd6 Qxd6 25. Qe2 Rxc1 26. Rxc1 Nc5 27. Qd2 Nd7
28. Qd4 e5 29. fxe5 Rxe5 30. h4 Qe6 31. Kh2 Nf6 32. Bf3 Rf5 33. Kg2 h5 34. g4
Rxf3 35. Kxf3 hxg4+ 36. Kf2 g3+ 37. Kf3 Qf5+ 38. Ke2 Qe6+ 39. Kd2 Ne4+ 40. Kc2
Kf8 1-0

[Event "4NCL Division 3"]
[Site "Daventry Court ENG"]
[Date "2014.05.05"]
[Round "11.236"]
[White "Adams, Mark A"]
[Black "Klingher, Dominic"]
[Result "1-0"]
[WhiteElo "1978"]
[BlackElo "1771"]
[PlyCount "95"]
[EventDate "2014.05.05"]
[WhiteTeam "The Full Ponty"]
[BlackTeam "Barnet Knights 1"]

1. e4 e6 2. d4 d5 3. Nc3 Bb4 4. e5 c5 5. Bd2 a6 6. Qg4 Kf8 7. a3 cxd4 8. axb4
dxc3 9. Bxc3 Nh6 10. Qf4 Nc6 11. b5 g5 12. Qd2 Nb8 13. h4 Nf5 14. hxg5 Nd7 15.
Bd3 d4 16. Bb4+ Kg7 17. Nf3 Qe8 18. Bxf5 exf5 19. Qxd4 Qe6 20. Rh6 Qe8 21. Kf1
Kg8 22. Bc3 f6 23. Qd5+ Kf8 24. exf6 Qf7 25. Qd6+ Kg8 26. Re1 axb5 27. Ne5 Nxe5
28. Qd8+ Qf8 29. Qxf8+ Kxf8 30. Bxe5 Kf7 31. g6+ Ke6 32. f7 hxg6 33. Rxh8 Kxf7
34. Rh7+ Kg8 35. Rg7+ Kf8 36. Rd1 Be6 37. Rxb7 Re8 38. Rb8 Bc8 39. Bd6+ Kg8 40.
Rb6 b4 41. Bxb4 f4 42. Rxg6+ Kh7 43. Rdd6 f3 44. Rh6+ Kg7 45. Bc3+ Kf7 46. Rh7+
Kg8 47. Rg7+ Kh8 48. Rh6# 1-0

[Event "4NCL Division 3"]
[Site "Daventry Court ENG"]
[Date "2014.05.05"]
[Round "11.237"]
[White "Chauhan, Pranay"]
[Black "Perrett, David C"]
[Result "1/2-1/2"]
[WhiteElo "1503"]
[BlackElo "1957"]
[PlyCount "52"]
[EventDate "2014.05.05"]
[WhiteTeam "Barnet Knights 1"]
[BlackTeam "The Full Ponty"]

1. d4 f5 2. Nc3 Nf6 3. Bg5 g6 4. Bxf6 exf6 5. e3 d5 6. h4 c6 7. h5 Bg7 8. hxg6
hxg6 9. Rxh8+ Bxh8 10. Nh3 Kf7 11. Bd3 Bg7 12. Qf3 Nd7 13. O-O-O Nf8 14. Nf4
Be6 15. Rh1 Qd7 16. Qh3 Re8 17. g4 fxg4 18. Qh4 Bf5 19. Nce2 Ke7 20. Bxf5 Qxf5
21. Rg1 Ne6 22. Qxg4 Qxg4 23. Rxg4 Nxf4 24. Nxf4 g5 25. Ne2 Kf7 26. Kd2 Rh8
1/2-1/2

[Event "4NCL Division 3"]
[Site "Daventry Court ENG"]
[Date "2014.05.05"]
[Round "11.238"]
[White "Thomas, Gary"]
[Black "Balouka-Myers, Gabriel"]
[Result "1-0"]
[WhiteElo "1850"]
[BlackElo "1572"]
[PlyCount "47"]
[EventDate "2014.05.05"]
[WhiteTeam "The Full Ponty"]
[BlackTeam "Barnet Knights 1"]

1. d4 d5 2. Nf3 Nf6 3. e3 Bf5 4. Bd3 Bxd3 5. Qxd3 c6 6. Nbd2 e6 7. b3 Bd6 8.
Bb2 Nbd7 9. O-O O-O 10. Rae1 c5 11. e4 dxe4 12. Nxe4 Nxe4 13. Rxe4 Nf6 14. Rh4
h6 15. Rd1 Qa5 16. dxc5 Bxc5 17. Bxf6 gxf6 18. Rxh6 Rfd8 19. Qh7+ Kf8 20. Qh8+
Ke7 21. Qxf6+ Ke8 22. Rh8+ Bf8 23. Re1 Qd5 24. Ne5 1-0

[Event "4NCL Division 3"]
[Site "Daventry Court ENG"]
[Date "2014.05.05"]
[Round "11.239"]
[White "Sanitt, Leo"]
[Black "Dixon, Chris"]
[Result "1-0"]
[WhiteElo "1453"]
[BlackElo "1838"]
[PlyCount "45"]
[EventDate "2014.05.05"]
[WhiteTeam "Barnet Knights 1"]
[BlackTeam "The Full Ponty"]

1. e4 e5 2. Nf3 Nf6 3. Nxe5 d6 4. Nf3 Nxe4 5. d4 d5 6. Bd3 Nc6 7. c3 Be7 8. O-O
Bg4 9. Nbd2 f5 10. Qb3 Na5 11. Qa4+ c6 12. Ne5 Bh5 13. b4 Nxd2 14. Bxd2 Nc4 15.
Nxc4 dxc4 16. Bxf5 Qd5 17. Qc2 Qd6 18. Rae1 Kd8 19. Re6 Qc7 20. Rfe1 Bf6 21. g3
Qf7 22. Bf4 Bg6 23. Rd6+ 1-0

[Event "4NCL Division 3"]
[Site "Daventry Court ENG"]
[Date "2014.05.05"]
[Round "11.245"]
[White "Edwards, Simon R"]
[Black "Hosken, Nigel K"]
[Result "1-0"]
[WhiteElo "1962"]
[BlackElo "2136"]
[PlyCount "59"]
[EventDate "2014.05.05"]
[WhiteTeam "Cheddleton 3"]
[BlackTeam "Gloucestershire Gambits"]

1. e4 c6 2. d4 d5 3. e5 Bf5 4. h4 h5 5. Bg5 Qb6 6. Bd3 Qxd4 7. Nf3 Qxb2 8. Bxf5
Qxa1 9. e6 Nf6 10. O-O g6 11. Qd3 gxf5 12. Qb3 b6 13. Bc1 fxe6 14. Bb2 Qxb2 15.
Qxb2 Nbd7 16. Ne5 Rg8 17. Nxc6 Ne4 18. c4 Bg7 19. Qe2 Bf6 20. cxd5 exd5 21.
Qxh5+ Kf8 22. Qxf5 Ndc5 23. Qxd5 Re8 24. Nd2 Nc3 25. Qf3 a5 26. Nc4 Nxa2 27.
Nxb6 Nc3 28. Ne5 N3e4 29. Nbd7+ Kg7 30. Qh5 1-0

[Event "4NCL Division 3"]
[Site "Daventry Court ENG"]
[Date "2014.05.05"]
[Round "11.1"]
[White "Fowler, David W"]
[Black "Price, Andrew"]
[Result "0-1"]
[WhiteElo "1880"]
[BlackElo "1860"]
[PlyCount "104"]
[EventDate "2014.05.05"]
[WhiteTeam "BCM Hippos (3)"]
[BlackTeam "Banbury Bulldogs"]

1. e4 e6 2. d4 d5 3. Nc3 Nf6 4. Bg5 dxe4 5. Nxe4 Nbd7 6. Nf3 Be7 7. Ned2 c5 8.
c3 O-O 9. Bd3 b6 10. O-O Bb7 11. Re1 cxd4 12. cxd4 Nd5 13. Bxe7 Qxe7 14. Nc4
Rac8 15. Ne3 N7f6 16. a3 Rfd8 17. Bb1 Qc7 18. Ne5 Nf4 19. Qa4 N6d5 20. Nxd5
Rxd5 21. Be4 Ra5 22. Qd1 f6 23. Bxb7 Qxb7 24. Nf3 Rg5 25. g3 Nh3+ 26. Kf1 Rf5
27. Re3 Qd5 28. Qb3 Qxb3 29. Rxb3 Rc2 30. Kg2 Nxf2 31. Rc3 Rxb2 32. Rc8+ Kf7
33. Nh4 Ne4+ 34. Kg1 Rfb5 35. Rac1 Ke7 36. R8c7+ Kd6 37. Ng2 Rb1 38. R7c6+ Kd5
39. Nf4+ Kxd4 40. R6c4+ Ke3 41. Ng2+ Kd3 42. Ne1+ Kd2 43. Nf3+ Ke3 44. Rxe4+
Kxf3 45. Rf4+ Ke3 46. Rxb1 Rxb1+ 47. Kg2 Rb2+ 48. Kh3 e5 49. Rc4 g5 50. Rc3+
Kd4 51. Rf3 e4 52. Rxf6 e3 0-1

[Event "4NCL Division 3"]
[Site "Daventry Court ENG"]
[Date "2014.05.05"]
[Round "11.2"]
[White "Hibbitt, Arthur M"]
[Black "Cooke, Charlie"]
[Result "1/2-1/2"]
[WhiteElo "1792"]
[BlackElo "1754"]
[PlyCount "57"]
[EventDate "2014.05.05"]
[WhiteTeam "Banbury Bulldogs"]
[BlackTeam "BCM Hippos (3)"]

1. f4 d5 2. Nf3 c5 3. g3 Nc6 4. Bg2 Nf6 5. O-O e6 6. d3 Be7 7. c3 O-O 8. Na3 a6
9. Nc2 Qc7 10. Qe1 b6 11. e4 Bb7 12. Bd2 Rad8 13. e5 Ne8 14. d4 cxd4 15. cxd4
Nxe5 16. fxe5 Qxc2 17. Bb4 Qc7 18. Rc1 Qd7 19. Rc2 a5 20. Bxe7 Qxe7 21. Qd2 Nc7
22. Rfc1 Na8 23. Bf1 Rc8 24. Bd3 Rxc2 25. Rxc2 Rc8 26. Rxc8+ Bxc8 27. Qc2 Qc7
28. Bxh7+ Kf8 29. Qd2 1/2-1/2

[Event "4NCL Division 3"]
[Site "Daventry Court ENG"]
[Date "2014.05.05"]
[Round "11.3"]
[White "Grey, Nicholas D"]
[Black "Evans, Chris John"]
[Result "0-1"]
[WhiteElo "1751"]
[BlackElo "1809"]
[PlyCount "68"]
[EventDate "2014.05.05"]
[WhiteTeam "BCM Hippos (3)"]
[BlackTeam "Banbury Bulldogs"]

1. e4 c5 2. c3 e6 3. d4 d5 4. exd5 Qxd5 5. Nf3 Nc6 6. Nbd2 cxd4 7. Bc4 Qd8 8.
Nb3 dxc3 9. Qe2 Nf6 10. O-O Be7 11. Rd1 Qc7 12. Rd3 cxb2 13. Bxb2 O-O 14. Rc1
Qf4 15. Ne5 Nxe5 16. Bxe5 Qg4 17. f3 Qh5 18. Bd4 b5 19. g4 Qg5 20. h4 Qxh4 21.
Bxb5 Qg3+ 22. Kf1 Nd5 23. Be5 Qh3+ 24. Kg1 Bd8 25. Qh2 Qxh2+ 26. Kxh2 Bb6 27.
Rxd5 exd5 28. Bc6 Ba6 29. Bxa8 Rxa8 30. Rd1 Bc4 31. Nd2 Bxa2 32. Ra1 Bc4 33.
Rb1 f6 34. Bc3 Re8 0-1

[Event "4NCL Division 3"]
[Site "Daventry Court ENG"]
[Date "2014.05.05"]
[Round "11.9"]
[White "Jones, Christopher M"]
[Black "Towers, Nigel S"]
[Result "1/2-1/2"]
[WhiteElo "2079"]
[BlackElo "1811"]
[PlyCount "76"]
[EventDate "2014.05.05"]
[WhiteTeam "The Rookies"]
[BlackTeam "e2e4.org.uk 5"]

1. e4 c6 2. Nc3 d5 3. Nf3 Bg4 4. h3 Bxf3 5. Qxf3 Nf6 6. e5 Nfd7 7. d4 e6 8. Bd3
c5 9. Qg3 cxd4 10. Nb5 Nc5 11. Nxd4 Nxd3+ 12. Qxd3 Qc7 13. Bf4 a6 14. O-O Nc6
15. Nxc6 Qxc6 16. Rfc1 Bc5 17. Qg3 Rg8 18. c3 O-O-O 19. b4 Ba7 20. a4 Qc4 21.
Be3 Bxe3 22. Qxe3 Kb8 23. Rd1 Rc8 24. Rac1 Rgd8 25. Rd4 Qb3 26. b5 a5 27. Rf4
Rd7 28. Kh2 Rc4 29. Rxc4 Qxc4 30. Ra1 Qb3 31. Qc5 Qc4 32. Qf8+ Qc8 33. Qxc8+
Kxc8 34. b6 d4 35. cxd4 Rxd4 36. Rc1+ Kd8 37. Rc7 Rd7 38. Rc5 Rd5 1/2-1/2

[Event "4NCL Division 3"]
[Site "Daventry Court ENG"]
[Date "2014.05.05"]
[Round "11.10"]
[White "Winter, Kevin"]
[Black "Piper, Stephen J"]
[Result "0-1"]
[WhiteElo "1837"]
[BlackElo "2047"]
[PlyCount "104"]
[EventDate "2014.05.05"]
[WhiteTeam "e2e4.org.uk 5"]
[BlackTeam "The Rookies"]

1. e4 g6 2. Nc3 c6 3. Bc4 b5 4. Be2 b4 5. Nb1 Bg7 6. Nf3 Nf6 7. d3 d6 8. O-O
O-O 9. Nbd2 Na6 10. Re1 Nc5 11. e5 Nd5 12. d4 Ne6 13. Nc4 Nef4 14. Bf1 Bb7 15.
g3 Ne6 16. Bh3 c5 17. Bxe6 fxe6 18. Ng5 Nc7 19. Na5 Bd5 20. dxc5 dxc5 21. Bf4
Nb5 22. Nb3 Rc8 23. Qg4 Qb6 24. Rad1 h6 25. Nh3 g5 26. Rxd5 exd5 27. Bc1 Qg6
28. Nf4 Qxc2 29. Qe6+ Kh7 30. Ne2 Qf5 31. Qxf5+ Rxf5 32. f4 g4 33. Bd2 Rff8 34.
Rc1 c4 35. Nbd4 Nxd4 36. Nxd4 a5 37. Ne6 Rfe8 38. Be3 Rc6 39. Nd4 Ra6 40. Kf2
e6 41. Kg2 Bf8 42. h3 gxh3+ 43. Kxh3 Bc5 44. g4 Bxd4 45. Bxd4 Rf8 46. Kg3 Rc6
47. g5 hxg5 48. fxg5 Kg7 49. Kg4 c3 50. b3 c2 51. Bb2 Rf2 52. Re1 Rd2 0-1